000 00569nam a2200193Ia 4500
008 140429s9999 xx 000 0 und d
020 _a9780486481562
050 _aNC 890
_b.L598 2011
100 _aLohan, Frank J.
245 4 _aThe drawing handbook /
_cFrank J. Lohan.
260 _aNew York :
_bDover Pub. Inc.,
_cc2011.
300 _a212 p. :
_bill. ;
_c28 cm.
500 _aIncludes bibliographical references and index.
521 _aMA
650 _aPen Drawing
_xTechnique.
650 _aPencil drawing
_xTechnique.
942 _kFOR
_cBK
999 _c115584
_d115584